000 02988nam0a2200445 4500
001 RU\NLR\BIBL_A\012165875
005 20230713111400.0
010 _a978-5-7513-2714-9
_980
021 _aRU
_bКН-П-19-086935
_9КН-П-19-6339
035 _a(NLR Aleph) 012165875
035 _a(RuMoRGB)010156371
090 _a12215006
_c12215006
100 _a20191217d2019 k y0rusy50 ca
101 0 _arus
_asah
_deng
102 _aRU
105 _aac||z|||110zy
200 1 _aСовременные проблемы исследования национальной классики
_eматериалы Всероссийской научно-практической конференции с международным участием, посвященной 70-летию со дня рождения Людмилы Реасовны Кулаковской (г. Якутск, 8-10 октября 2018 г.)
_fМинистерство науки и высшего образования Российской Федерации, Северо-Восточный федеральный университет имени М. К. Аммосова [и др.
_gсоставитель: П. В. Сивцева-Максимова]
210 _aЯкутск
_cИздательский дом СВФУ
_d2019
215 _a359 с.
_cил., табл., портр.
_d21
300 _aТекст рус., якут.
300 _aРез. англ.
320 _aБиблиогр. в конце ст.
600 1 _aКулаковская
_bЛ. Р.
_gЛюдмила Реасовна
_f1948
_jСъезды, совещания и т.п.
_2nlr_sh2
_3RU\NLR\AUTH\6601668036
606 1 _aЛитература народов Российской Федерации
_jСъезды, совещания и т.п.
_2nlr_sh1
_2nlr_sh2
_3RU\NLR\AUTH\661360279
606 1 _aЯкутская литература
_jСъезды, совещания и т.п.
_2nlr_sh1
_2nlr_sh2
_3RU\NLR\AUTH\66780623
686 1 _aШ5(2=Я)я431
686 1 _aШ5(2)я431
686 2 _aШ4г(2=Я)7дКулаковская
702 1 _aКулаковская
_bЛ. Р.
_f1948-
_gЛюдмила Реасовна
_4280
702 1 _aСивцева-Максимова
_bП. В.
_f1950-
_gПрасковья Васильевна
_3RU\NLR\AUTH\7790646
_4220
711 1 2 _a"Современные проблемы исследования национальной классики", всероссийская научно-практическая конференция с международным участием
_f2018
_eЯкутск
_3RU\NLR\AUTH\880514148
712 0 2 _aНИИ А. Е. Кулаковского
_cЯкутск
_3RU\NLR\AUTH\880514149
_4570
942 _cBOOK
980 _aNBR
980 _aNB